Managing user-centred libraries and information services

Αποθηκεύτηκε σε:
Λεπτομέρειες βιβλιογραφικής εγγραφής
Κύριος συγγραφέας: Bakewell, K. G. B.
Μορφή: Βιβλίο
Γλώσσα:English
Δημοσίευση: London : Mansell, 1992
Θέματα:
Ετικέτες: Προσθήκη ετικέτας
Δεν υπάρχουν, Καταχωρήστε ετικέτα πρώτοι!

MARC

LEADER 00000nam a2200000 i 4500
001 1/89110
008 990908s1992 eng d
020 |a 0-7201-1992-8 
035 |l 10052703 
040 |a GR-MY-UA  |b gre  |e aacr 
041 0 |a eng 
082 0 |a 025.1 
100 1 |a Bakewell, K. G. B. 
245 1 0 |a Managing user-centred libraries and information services /  |c K. G. B. Bakewell 
260 |a London :   |b Mansell,   |c 1992 
300 |a 250 p. 
504 |a Includes bibliographical references and index 
650 0 0 |a Library administration. 
650 0 0 |a Libraries and readers. 
650 0 0 |a Information services  |x Management. 
852 |a INST  |b LESVOS  |e 19990908  |h 025.1 BAK  |p 005100007697  |q 005100007697  |t BK  |y 0 
901 |a BIBL1-1999-2 
909 |a Λ  |b 023401 
922 |a 1ΠΑΡ  |b 199206  |c ΠΠ/1519 
970 |z 1999/09/08  |a ΚΑΜΑΤΣΟΥ  |b ΔΕΣΠΟΙΝΑ